Catálogo público

Manual del MS-DOS : (Record no. 12113)

MARC details
000 -CABECERA
campo de control de longitud fija 01341nam a22003857a 4500
001 - NÚMERO DE CONTROL
campo de control 000013149
003 - IDENTIFICADOR DEL NÚMERO DE CONTROL
campo de control CHAP
005 - FECHA Y HORA DE LA ÚLTIMA TRANSACCIÓN
campo de control 20220329133856.0
008 - DATOS DE LONGITUD FIJA--INFORMACIÓN GENERAL
campo de control de longitud fija 971013s r 00010 d
010 ## - NÚMERO DE CONTROL DE LA BIBLIOTECA DEL CONGRESO
Número de control de LC 12113
011 ## - ENLACE DEL NUMERO DE CONTROL DE LA BIBLIOTECA DEL CONGRESO [OBSOLETO]
Número de control de LC 13085
035 ## - NÚMERO DE CONTROL DEL SISTEMA
Número de control de sistema 17156
040 ## - FUENTE DE LA CATALOGACIÓN
Centro/agencia transcriptor CHAP
082 04 - NÚMERO DE LA CLASIFICACIÓN DECIMAL DEWEY
Número de clasificación 001.6425
Número de documento/Ítem A9
100 00 - ENTRADA PRINCIPAL--NOMBRE DE PERSONA
Nombre de persona Ayala de la Vega, Joel.
9 (RLIN) 8925
245 10 - MENCIÓN DE TÍTULO
Título Manual del MS-DOS :
Resto del título : versión 5.0.
260 ## - PUBLICACIÓN, DISTRIBUCIÓN, ETC.
Lugar de publicación, distribución, etc. Montecillo, Méx. :
Nombre del editor, distribuidor, etc. Colegio de Postgraduados,
Fecha de publicación, distribución, etc. (199?).
300 ## - DESCRIPCIÓN FÍSICA
Extensión 150 p.
590 ## - NOTA LOCAL (RLIN)
Nota local BATCH-UPD
Procedencia (VM) [OBSOLETO] 10
Condición del los carretes individuales (VM) [OBSOLETO] 20130110
-- UCH01
-- 1736
590 ## - NOTA LOCAL (RLIN)
Nota local CONVERSION
Procedencia (VM) [OBSOLETO] 10
Condición del los carretes individuales (VM) [OBSOLETO] 20130109
-- UCH01
-- 1308
590 ## - NOTA LOCAL (RLIN)
Nota local E5995AHE
Procedencia (VM) [OBSOLETO] 05
Condición del los carretes individuales (VM) [OBSOLETO] 20150217
-- UCH01
-- 0956
590 ## - NOTA LOCAL (RLIN)
Nota local E5995AHE
Procedencia (VM) [OBSOLETO] 05
Condición del los carretes individuales (VM) [OBSOLETO] 20150217
-- UCH01
-- 1108
650 14 - PUNTO DE ACCESO ADICIONAL DE MATERIA--TÉRMINO DE MATERIA
Término de materia o nombre geográfico como elemento de entrada MS-DOS.
9 (RLIN) 79238
650 14 - PUNTO DE ACCESO ADICIONAL DE MATERIA--TÉRMINO DE MATERIA
Término de materia o nombre geográfico como elemento de entrada Sistemas operativos (Computadoras)
9 (RLIN) 106775
700 0# - PUNTO DE ACCESO ADICIONAL--NOMBRE DE PERSONA
Nombre de persona Bueno de Arjona, Graciela.
9 (RLIN) 15959
700 0# - PUNTO DE ACCESO ADICIONAL--NOMBRE DE PERSONA
Nombre de persona Ojeda Bustamante, Waldo.
9 (RLIN) 82896
901 ## - ELEMENTOS DE DATOS A LOCAL LDA (RLIN)
a BK
942 ## - ELEMENTOS DE PUNTO DE ACCESO ADICIONAL (KOHA)
Tipo de ítem Koha Libro
942 ## - ELEMENTOS DE PUNTO DE ACCESO ADICIONAL (KOHA)
Suprimir en OPAC 0
949 ## - PROCESAMIENTO DE INFORMACIÓN LOCAL (OCLC)
a 001.6425 A9
b BC
c LIBRO
d -40718
e LIBRO
f c.4
h 86743
i 17156
s i
949 ## - PROCESAMIENTO DE INFORMACIÓN LOCAL (OCLC)
a 001.6425 A9
b BC
c LIBRO
d 33724000293148
e LIBRO
h 86740
i 17156
s i
949 ## - PROCESAMIENTO DE INFORMACIÓN LOCAL (OCLC)
a 001.6425 A9
b BC
c LIBRO
d 33724000293155
e LIBRO
f c.2
h 86741
i 17156
s i
949 ## - PROCESAMIENTO DE INFORMACIÓN LOCAL (OCLC)
a 001.6425 A9
b BC
c LIBRO
d 33724002020017
e LIBRO
f c.3
h 86742
i 17156
s i
949 ## - PROCESAMIENTO DE INFORMACIÓN LOCAL (OCLC)
a 001.6425 A9
b BC
c UACH
d -40719
e UACH
f c.5
h 86744
i 17156
s i
Holdings
Estado de retiro Estado de pérdida Fuente del sistema de clasificación o colocación Estado dañado Restricciones de uso No para préstamo Código de colección Localización permanente Ubicación/localización actual Ubicación en estantería Fecha de adquisición Información codificada de la localización en otra ubicación Total de préstamos Signatura topográfica completa Código de barras Fecha visto por última vez Número de copia Precio válido a partir de Tipo de ítem Koha
    Dewey Decimal Classification   Préstamo 15 días   General Biblioteca Central Biblioteca Central Planta alta - Colección General 31/12/2019 LIBRO   001.6425 A9 -40718 31/12/2019 c.4 31/12/2019 Libro
    Dewey Decimal Classification   Préstamo 15 días   General Biblioteca Central Biblioteca Central Planta alta - Colección General 31/12/2019 LIBRO   001.6425 A9 33724000293148 31/12/2019   31/12/2019 Libro
    Dewey Decimal Classification   Préstamo 15 días   General Biblioteca Central Biblioteca Central Planta alta - Colección General 31/12/2019 LIBRO   001.6425 A9 33724000293155 31/12/2019 c.2 31/12/2019 Libro
    Dewey Decimal Classification   Préstamo 15 días   General Biblioteca Central Biblioteca Central Planta alta - Colección General 31/12/2019 LIBRO   001.6425 A9 33724002020017 31/12/2019 c.3 31/12/2019 Libro
        Préstamo interno   Publicaciones UACh Biblioteca Central Biblioteca Central Planta alta - Área de Tesis - UACh 31/12/2019 LIBRO   001.6425 A9 33724002448280 31/12/2019 c.5 31/12/2019 Libro